| 000 | 00573nam a2200181Ia 4500 | ||
|---|---|---|---|
| 003 | GCL | ||
| 008 | 140319s9999 xx 000 0 ara d | ||
| 040 |
_aGCL / _cGCL |
||
| 082 | 0 | 4 |
_a235.1 _bش د |
| 100 | 1 | _aشرف الدين على الراجحى | |
| 245 | 1 | 0 |
_aدراسات لغوية لنماذج من صحيح البخارى / _cشرف الدين على الراجحى |
| 260 |
_a[S.N] : _bدار المعرفة الجامعية ، _c1986 |
||
| 300 | _a124 ص | ||
| 490 | _a | ||
| 650 | 0 | 4 | _aصحيح البخارى |
| 650 | 0 | 4 | _aالتجارى |
| 942 |
_2ddc _cBK |
||
| 999 |
_c36680 _d36680 |
||